Tilastot visalle Hedelmällisen puolikuun valtiot

Klikkaa tästä pelataksesi tätä visaa!

Yleistilastot

  • Tätä visaa on pelattu 804 kertaa
  • Keskiarvotulos 8 / 10

Vastaustilastot

%Valtio% Oikein
80Irak
90%
5Iran
90%
10Turkki
90%
50Israel
88%
90Syyria
87%
5Jordania
83%
15Egypti
81%
100Libanon
81%
30Kuwait
68%
100Kypros
57%

Tulosjakauma

Persentiili vastausten määrän mukaan

Jokaisen tuloksen saaneiden osuus

Tuloshistoriasi

Et ole pelannut tätä visaa